LEADER 01761nam0 2200337 i 450 001 UMC0099679 005 20251003044431.0 010 $a8814084777 020 $aIT$b2002-7476 100 $a20130827d2001 ||||0itac50 ba 101 | $aita 102 $ait 181 1$6z01$ai $bxxxe 182 1$6z01$an 183 1$6z01$anc$2RDAcarrier 200 1 $aˆLa ‰riforma delle politiche agrarie dell'Unione europea$eatti del Convegno dell'Università, Laboratorio Ghino Valenti$eMacerata, 18 giugno 1999$fa cura di Francesco Adornato 210 $aMilano$cA. Giuffrè$d2001 215 $aXLII,153 p.$d24 cm. 225 | $aPubblicazioni della Facoltà di scienze politiche$fUniversità di Macerata$v11 410 0$1001MIL0335554$12001 $aPubblicazioni della Facoltà di scienze politiche$fUniversità di Macerata$v11$171201$aUniversità degli studi$c $b : Facoltà di scienze politiche$3CFIV118767 676 $a338.181094$9AGRICOLTURA. POLITICHE INTERNAZIONALI. Europa$v21 676 $a343$9DIRITTO IN MATERIA DI FINANZA PUBBLICA, DIRITTO TRIBUTARIO, IN MATERIA DI COMMERCIO...$v12 702 1$aAdornato$b, Francesco$3CFIV100197 801 3$aIT$bIT-000000$c20130827 850 $aIT-BN0095 901 $bNAP 01$cPOZZO LIB.$nVi sono collocati fondi di economia, periodici di ingegneria e scienze, periodici di economia e statistica e altri fondi comprendenti documenti di economia pervenuti in dono. 912 $aUMC0099679 950 0$aBiblioteca Centralizzata di Ateneo$c1 v.$d 01POZZO LIB.ECON MON 4817$e 0101 0000026725E VMA 1 v.$fB $h20210326$i20210326 977 $a 01 996 $aRiforma delle politiche agrarie dell'Unione europea$9671836 997 $aUNISANNIO